Central Library OPAC University of Rajshahi

স্নাতক ভৌত রসায়ন = Degree Physical chemistry / (Record no. 52479)

MARC details
000 -LEADER
fixed length control field 00995nam a22002537a 4500
001 - CONTROL NUMBER
control field 52479
003 - CONTROL NUMBER IDENTIFIER
rucl marc code BD-RjUL
005 - DATE AND TIME OF LATEST TRANSACTION
control field 20211209075820.0
008 - FIXED-LENGTH DATA ELEMENTS--GENERAL INFORMATION
fixed length control field 160921s1979 bg ||||| |||| 00| 0 ben d
020 ## - INTERNATIONAL STANDARD BOOK NUMBER
Terms of availability : TK 70.00
035 ## - SYSTEM CONTROL NUMBER
System control number (BD-RjUL)52599
040 ## - CATALOGING SOURCE
Original cataloging agency BD-RjUL
Language of cataloging ben
Transcribing agency BD-RjUL
041 ## - LANGUAGE CODE
Language code of text/sound track or separate title ben
082 ## - DEWEY DECIMAL CLASSIFICATION NUMBER
Edition number 23
Classification number 541
Author mark and year PAS 1979
100 ## - MAIN ENTRY--PERSONAL NAME
Personal name পাল, সুভাষ চন্দ্র
9 (RLIN) 127187
245 10 - TITLE STATEMENT
Title স্নাতক ভৌত রসায়ন = Degree Physical chemistry /
Statement of responsibility, etc. সুভাষ চন্দ্র পাল
250 ## - EDITION STATEMENT
Edition statement ৩য় সং.
260 ## - PUBLICATION, DISTRIBUTION, ETC. (IMPRINT)
Place of publication, distribution, etc. ঢাকা :
Name of publisher, distributor, etc. বাংলাদেশ বুক কর্পোরেশন,
Date of publication, distribution, etc. ১৯৭৯
300 ## - PHYSICAL DESCRIPTION
Pagination বিভিন্ন পৃ. :
Illustrations চিত্র ;
Size ২১ সেমি.
650 ## - SUBJECT ADDED ENTRY--TOPICAL TERM
Topical term or geographic name as entry element জৈব রসায়ন
9 (RLIN) 123391
Topical term or geographic name as entry element Organic Chemistry
9 (RLIN) 123392
700 ## - ADDED ENTRY--PERSONAL NAME
Personal name চক্রবর্তী, পরিতোষ কুমার
942 ## - ADDED ENTRY ELEMENTS (KOHA)
Source of classification or shelving scheme Dewey Decimal Classification
Koha item type Books
Holdings
Lost status Source of classification or shelving scheme Damaged status Not for loan Collection code Permanent Location Current Location Shelving location Date acquired Source of acquisition Cost, normal purchase price Total Checkouts Full call number Date last seen Date checked out Copy number Koha item type
  Dewey Decimal Classification     Non-fiction Central Library, University of Rajshahi Central Library, University of Rajshahi   03/07/1983 Aligash library, Rajshahi 75.00 1 B 541 PAS 1979 20/11/2022 08/11/2022 C-2 Books